=LDR 00000nam 2200000 4500 =001 INLIS000000000050648 =005 20170510112244 =035 ##$$a 0010-0517000301 =007 ta =008 170510###########################0###### =020 ##$$a 979-0-9013923-1-1 =082 ##$$a 782.42 =084 ##$$a 782.42 PRA t =100 #$$a Prakosa, Mardian Bagus =245 1#$$a Top Musics : $b Seratus Satu Tembang Kenangan Domestik dan Mancanegara /$c Mardian Bagus Prakosa =250 ##$$a Cet.1 =260 ##$$a Yogyakarta :$b Literindo,$c 2015 =300 ##$$a 394 hlm. ; $c 29,7 cm. =650 ##$$a MUSIK =990 ##$$a 82888288 =990 ##$$a 82888288 =990 ##$$a 31701211 =990 ##$$a 02201708288 =990 ##$$a 31701212 =990 ##$$a 31701211